000 00606nam a2200217 a 4500
001 000016051
003 DO-SdBNP
005 20221018143821.0
007 ta
008 100224s2009 dr 001 0 spa d
040 _aDO-SdBNP
_bspa
_cBNPHU
082 4 _bR426L
_222
110 1 _aRepública Dominicana.
_932241
240 1 0 _a[Leyes, etc.]
245 1 0 _aLey No. 480-08 ley de zonas financieras internacionales en la República Dominicana
260 _aSanto Domingo :
_bFilantrópica,
_c2009.
300 _a71 p. ;
_c22 cm.
590 _aInventariado, 2022 / DG
910 _aDG
942 _2ddc
_cLBS1
999 _c51824
_d51824